| 000 | 00432 a2200157 4500 | ||
|---|---|---|---|
| 999 |
_c320981 _d320981 |
||
| 001 | 85908 | ||
| 003 | NUST | ||
| 005 | 20180121175919.0 | ||
| 008 | 180121b xxu||||| |||| 00| 0 eng d | ||
| 020 | _a0787903272 | ||
| 082 | _a658.16 MIL | ||
| 100 |
_aRobert H Miles _99384 |
||
| 245 |
_aLeading corporate transformation : a blueprint for business renewal _hEnglish |
||
| 250 | _a1st | ||
| 260 |
_aSan Francisco _bJossey-Bass _c1997 |
||
| 300 | _aix, 260 p. | ||
| 500 | _aGifted By AM Masood Akhtar | ||
| 942 |
_acaenust _cBK _k658.16 MIL _2ddc |
||